La verdad los hará libres (Registro nro. 7715)
[ vista simple ]
| 000 -LEADER | |
|---|---|
| fixed length control field | 01099 a2200265 4500 |
| 001 - CONTROL NUMBER | |
| control field | 62587 |
| 005 - DATE AND TIME OF LATEST TRANSACTION | |
| control field | 20260407155919.0 |
| 008 - FIXED-LENGTH DATA ELEMENTS--GENERAL INFORMATION | |
| fixed length control field | 260407a2023 arg spa d |
| 003 - CONTROL NUMBER IDENTIFIER | |
| control field | AR-UNSa-BCEJYS |
| 040 ## - CATALOGING SOURCE | |
| Original cataloging agency | AR-UNSa-BCEJYS |
| Language of cataloging | spa |
| Transcribing agency | AR-UNSa-BCEJYS |
| 080 ## - UNIVERSAL DECIMAL CLASSIFICATION NUMBER | |
| Universal Decimal Classification number | 26(09)(82) |
| Common auxiliary subdivision | Historia de la Iglesia en Argentina |
| 020 ## - INTERNATIONAL STANDARD BOOK NUMBER | |
| International Standard Book Number | 978-950-49-7993-7 |
| 041 ## - LANGUAGE CODE | |
| Language code of text/sound track or separate title | spa |
| 100 1# - MAIN ENTRY--PERSONAL NAME | |
| Personal name | Galli, Carlos María |
| 245 10 - TITLE STATEMENT | |
| Title | La verdad los hará libres |
| 264 #1 - PRODUCTION, PUBLICATION, DISTRIBUTION, MANUFACTURE, AND COPYRIGHT NOTICE | |
| Place of production, publication, distribution, manufacture | Buenos Aires : |
| Name of producer, publisher, distributor, manufacturer | Planeta |
| Date of production, publication, distribution, manufacture, or copyright notice | 2023 |
| 300 ## - PHYSICAL DESCRIPTION | |
| Extent | 3 v. |
| Dimensions | 24 cm. |
| 505 ## - FORMATTED CONTENTS NOTE | |
| Formatted contents note | Vol. I: La Iglesia católica en la espiral de violencia en la Argentina 1966-1983 -- Vol. II: La Conferencia Episcopal Argentina y la Santa Sede frente al terrorismo de Estado 1976-1983. El terror, el drama y las culpas. -- Vol. III: Interpretaciones sobre la Iglesia en la Argentina 1966-1983. |
| 590 ## - LOCAL NOTE (RLIN) | |
| Local note | niveau_biblio:m niveau_hierar:0 |
| 700 1# - ADDED ENTRY--PERSONAL NAME | |
| Personal name | Durán, Juan Guillermo |
| 700 1# - ADDED ENTRY--PERSONAL NAME | |
| Personal name | Liberti, Luis O. |
| 700 1# - ADDED ENTRY--PERSONAL NAME | |
| Personal name | Tavelli, Federico |
| 856 41 - ELECTRONIC LOCATION AND ACCESS | |
| Uniform Resource Identifier | <a href="http://www.biblioeco.unsa.edu.ar/pmb/images/libros/L129360.jpg">http://www.biblioeco.unsa.edu.ar/pmb/images/libros/L129360.jpg</a> |
| Link text | Imagen de portada |
| Electronic format type | image/jpeg |
| 942 ## - ADDED ENTRY ELEMENTS (KOHA) | |
| Koha item type | |
| Withdrawn status | Lost status | Damaged status | Not for loan | Home library | Current library | Shelving location | Date acquired | Total checkouts | Full call number | Barcode | Date last seen | Price effective from | Koha item type |
|---|---|---|---|---|---|---|---|---|---|---|---|---|---|
| Biblioteca Prof. Eusebio Cleto del Rey | Biblioteca Prof. Eusebio Cleto del Rey | 07/04/2026 | 26(09)(82) V483 v.1 | L129360 | 07/04/2026 | 07/04/2026 | Libro | ||||||
| Biblioteca Prof. Eusebio Cleto del Rey | Biblioteca Prof. Eusebio Cleto del Rey | 07/04/2026 | 26(09)(82) V483 v.2 | L129361 | 07/04/2026 | 07/04/2026 | Libro | ||||||
| Biblioteca Prof. Eusebio Cleto del Rey | Biblioteca Prof. Eusebio Cleto del Rey | 07/04/2026 | 26(09)(82) V483 v.3 | L129362 | 07/04/2026 | 07/04/2026 | Libro |